MARC

LEADER 00000nam0a2200000 4500
001 312075
005 20231102002441.0
020 |a RU  |b 82-50794 
035 |a (RuTPU)RU\TPU\book\337442 
090 |a 312075 
100 |a 20151216d1982 km y0rusy5003 ca 
101 0 |a rus 
102 |a RU 
105 |a a z 001zy 
200 1 |a О чем шумит русский лес. Из истории изучения гидроклиматической роли леса  |f А. А. Соколов 
210 |a Ленинград  |c Гидрометеоиздат  |d 1982 
215 |a 96 с.  |c ил. 
320 |a Библиогр.: с. 92-84 
606 1 |a Леса  |x Влияние на физико-географические условия  |x Водоохранная роль  |x Гидроклиматическая роль  |2 stltpush  |3 (RuTPU)RU\TPU\subj\40015  |9 59890 
606 1 |a Климатология  |2 stltpush  |3 (RuTPU)RU\TPU\subj\14531  |9 40906 
610 1 |a реки 
610 1 |a водоносность 
610 1 |a почвы 
610 1 |a влага 
610 1 |a поглощение 
610 1 |a речные стоки 
610 1 |a регуляция 
610 1 |a половодье 
610 1 |a атмосферные осадки 
675 |a 630.1  |v 3 
675 |a 551.58  |v 3 
700 1 |a Соколов  |b А. А.  |g Алексей Александрович 
801 0 |a RU  |b RuMRKP  |c 19950704  |g psbo 
801 1 |a RU  |b 63413507  |c 20151216 
801 2 |a RU  |b 63413507  |c 20191111  |g RCR 
942 |c BK